One Piece - Personnages porteurs de la volonté du D. - Statistiques

Statistiques générales
  • Ce quiz a été pris 747 fois
  • Le résultat moyen est 8 sur 11
Statistiques - réponses
Hint Réponse % Correct
Pirate Monkey D. Luffy
99%
Révolutionnaire Monkey D. Dragon
97%
Pirate Gol D. Roger
94%
Marine Monkey D. Garp
94%
Pirate Portgas D. Ace
89%
Pirate Trafalgar D. Waterlaw
89%
Pirate Marshall D. Teach
86%
Autre Portgas D. Rouge
57%
Pirate Rocks D. Xebec
53%
Marine Haguar D. Sauro
51%
Autre Nefertari D. Lili
14%
Aucun quiz correspondant
Distribution des résultats
% des personnes avec chaque résultat
Percentile par nombre de réponses
Votre historique - résultats
Vous n’avez pas pris ce quiz